|
|
|
|
| LEADER |
00000ny a22000003n 4500 |
| 005 |
20110519121315.0 |
| 008 |
061220s2006 pe 00 u0 spa d |
| 020 |
|
|
|a 9789972224331
|
| 035 |
|
|
|a 4877
|
| 040 |
|
|
|a NoBUC-Mpons
|d vLex
|
| 090 |
|
|
|c 41
|d 41
|
| 100 |
1 |
|
|a Přez Tremps, Pablo
|
| 245 |
1 |
4 |
|a Los procesos constitucionales
|h [Recurso electrn̤ico]
|b la experiencia espaǫla /
|c Pablo Přez Tremps
|
| 256 |
|
|
|a Servicio en ln̕ea
|
| 260 |
|
|
|a Lima :
|b Palestra editores,
|c 2006
|
| 300 |
|
|
|a 173 p. ;
|c 24 cm.
|
| 506 |
1 |
|
|a Contenido solo disponible en los productos indicados
|d vLex Global
|d vLex Global (Academic Edition, excluding Law Schools)
|d vLex Global (U.S. Academic Edition, Law Schools)
|d vLex Global (U.S. Academic Edition, excluding Law Schools)
|d vLex Global (Academic Edition, Law Schools)
|
| 650 |
0 |
4 |
|a Tribunales constitucionales
|z Espaą
|
| 740 |
0 |
|
|a vLex Libros (Servicios en ln̕ea)
|
| 856 |
4 |
0 |
|z Acceso restringido
|u http://vlex.com/account/login_ip?fuente_id=4877
|
| 942 |
|
|
|c BOOK
|
| 999 |
0 |
|
|a Constitutional courts
|b Spain
|